[Event "Torneo de las Estrellas Gran Hotel Bali"]
[Site "Benidorm ESP"]
[Date "2007.12.07"]
[Round "1.1"]
[White "Nebolsina, Vera"]
[Black "Recuero Guerra, David"]
[Result "1/2-1/2"]
[WhiteElo "2349"]
[BlackElo "2407"]
[PlyCount "78"]
[EventDate "2007.12.07"]
[EventType "tourn (rapid)"]
[EventRounds "10"]
[EventCountry "ESP"]
[SourceDate "2007.12.07"]

1. Nf3 Nf6 2. d4 e6 3. c4 Nc6 4. g3 Bb4+ 5. Bd2 Qe7 6. Nc3 Bxc3 7. Bxc3 Ne4 8.
Rc1 Nxc3 9. Rxc3 d6 10. Bg2 O-O 11. O-O Qf6 12. d5 Ne7 13. Nd4 a6 14. dxe6 fxe6
15. Rf3 Qe5 16. Rxf8+ Kxf8 17. Qd3 Kg8 18. b4 Rb8 19. Nb3 b6 20. f4 Qf6 21. e4
e5 22. c5 bxc5 23. bxc5 Bd7 24. Qc3 exf4 25. Qxf6 gxf6 26. gxf4 Be6 27. cxd6
cxd6 28. Rd1 Rb6 29. Rd4 Kf7 30. Ra4 Bxb3 31. axb3 Rxb3 32. Rxa6 Ng6 33. f5 Ne5
34. Rxd6 Rb2 35. Ra6 Kg7 36. Ra3 h5 37. h4 Rd2 38. Ra7+ Kh6 39. Ra6 Kg7 1/2-1/2

[Event "Torneo de las Estrellas Gran Hotel Bali"]
[Site "Benidorm ESP"]
[Date "2007.12.07"]
[Round "2.3"]
[White "Nebolsina, Vera"]
[Black "Tkachiev, Vladislav"]
[Result "0-1"]
[WhiteElo "2349"]
[BlackElo "2661"]
[PlyCount "62"]
[EventDate "2007.12.07"]
[EventType "tourn (rapid)"]
[EventRounds "10"]
[EventCountry "ESP"]
[SourceDate "2007.12.07"]

1. d4 d6 2. Nf3 g6 3. g3 Bg7 4. Bg2 Nd7 5. O-O e5 6. c4 Ne7 7. Nc3 O-O 8. dxe5
dxe5 9. Qc2 Nf5 10. Rd1 Nd4 11. Nxd4 exd4 12. Ne4 Qe7 13. Bg5 Qe6 14. Bf4 Ne5
15. Rac1 Nc6 16. Bxc7 Re8 17. Bf4 h6 18. Nd6 Re7 19. Bd5 Qf6 20. Ne4 Qf5 21.
Nd6 Qxc2 22. Rxc2 Nb4 23. Rcc1 Nxd5 24. cxd5 Bh3 25. e4 Rd8 26. Nb5 Rxe4 27.
Nc7 g5 28. Bd2 Bg4 29. Re1 Be2 30. b3 d3 31. Be3 Rxe3 0-1

[Event "Torneo de las Estrellas Gran Hotel Bali"]
[Site "Benidorm ESP"]
[Date "2007.12.07"]
[Round "3.1"]
[White "Tkachiev, Vladislav"]
[Black "Recuero Guerra, David"]
[Result "1/2-1/2"]
[WhiteElo "2661"]
[BlackElo "2407"]
[PlyCount "94"]
[EventDate "2007.12.07"]
[EventType "tourn (rapid)"]
[EventRounds "10"]
[EventCountry "ESP"]
[SourceDate "2007.12.07"]

1. Nf3 Nf6 2. c4 e6 3. g3 d5 4. Bg2 c6 5. Qc2 Be7 6. O-O O-O 7. b3 Nbd7 8. Bb2
b6 9. d3 Bb7 10. Nbd2 c5 11. cxd5 exd5 12. e4 d4 13. Bh3 Nb8 14. Nh4 Nc6 15. a3
Re8 16. f4 Bf8 17. Rae1 Bc8 18. Bxc8 Rxc8 19. Qd1 Qd7 20. Qf3 Rcd8 21. Nf5 Ne7
22. g4 Nxf5 23. gxf5 Kh8 24. Bc1 b5 25. Re2 Qc6 26. Rfe1 a5 27. Qh3 Qc7 28. e5
Nd5 29. Ne4 Nc3 30. Ng5 Nxe2+ 31. Rxe2 h6 32. e6 fxe6 33. fxe6 c4 34. Rg2 cxb3
35. Nf7+ Qxf7 36. exf7 Re1+ 37. Kf2 Rxc1 38. Kf3 Rc2 39. Qe6 b2 40. Qb3 Rxg2
41. Kxg2 Bxa3 42. Qxa3 b1=Q 43. f8=Q+ Rxf8 44. Qxf8+ Kh7 45. Qf5+ Kg8 46. Qe6+
Kf8 47. Qf5+ Kg8 1/2-1/2

[Event "Torneo de las Estrellas Gran Hotel Bali"]
[Site "Benidorm ESP"]
[Date "2007.12.08"]
[Round "4.1"]
[White "Recuero Guerra, David"]
[Black "Fedorchuk, Sergey A"]
[Result "0-1"]
[WhiteElo "2407"]
[BlackElo "2645"]
[PlyCount "92"]
[EventDate "2007.12.07"]
[EventType "tourn (rapid)"]
[EventRounds "10"]
[EventCountry "ESP"]
[SourceDate "2007.12.07"]

1. e4 c5 2. Nf3 d6 3. d4 cxd4 4. Nxd4 Nf6 5. Nc3 a6 6. Be3 e6 7. f3 b5 8. Qd2
Bb7 9. a4 b4 10. Na2 d5 11. e5 Nfd7 12. f4 Nc5 13. Bd3 Nxa4 14. f5 Nc5 15. O-O
Nbd7 16. fxe6 fxe6 17. Qf2 Nxe5 18. Nxb4 Qc7 19. Qg3 Bd6 20. Qh3 Qe7 21. Kh1
Kd7 22. Rfe1 Rhf8 23. Bg1 Rf4 24. Qe3 Ng4 25. Qe2 Qf6 26. Nxa6 Bxa6 27. Bxa6
Ke7 28. Nf3 Re4 29. Qd2 Rxe1 30. Qxe1 Nxa6 31. Qe2 Nc7 32. Rxa8 Nxa8 33. h3 Nh6
34. Bd4 Qf4 35. Be3 Qc4 36. Bg5+ Kd7 37. Ne5+ Bxe5 38. Qxe5 Nf5 39. Bf4 Qc7 40.
g4 Qxe5 41. Bxe5 Ne3 42. Bxg7 Nxc2 43. Kg2 Nb6 44. g5 Ne3+ 45. Kf3 Nf5 46. Bf6
Nc4 0-1

[Event "Torneo de las Estrellas Gran Hotel Bali"]
[Site "Benidorm ESP"]
[Date "2007.12.08"]
[Round "5.1"]
[White "Jobava, Baadur"]
[Black "Recuero Guerra, David"]
[Result "1-0"]
[WhiteElo "2644"]
[BlackElo "2407"]
[PlyCount "83"]
[EventDate "2007.12.07"]
[EventType "tourn (rapid)"]
[EventRounds "10"]
[EventCountry "ESP"]
[SourceDate "2007.12.07"]

1. c4 e5 2. Nc3 Nf6 3. Nf3 Nc6 4. g3 Nd4 5. Bg2 Nxf3+ 6. Bxf3 c6 7. O-O Be7 8.
d4 d6 9. Bg2 O-O 10. b3 Re8 11. Bb2 Bf8 12. e4 g6 13. a4 Bg7 14. dxe5 dxe5 15.
a5 Nd7 16. Qc2 Nc5 17. Rfd1 Qf6 18. Ne2 Bg4 19. f3 Bc8 20. b4 Ne6 21. c5 Qe7
22. Rd6 Nc7 23. Nc3 h5 24. Qf2 Ne6 25. Rad1 Nd4 26. f4 Bg4 27. Rd3 Rad8 28. h3
Be6 29. fxe5 Bxe5 30. R3xd4 Bxd6 31. cxd6 Rxd6 32. Rxd6 Qxd6 33. Qf6 Kf8 34.
Bc1 Rc8 35. Bg5 Ke8 36. e5 Qxb4 37. Ne4 Kd7 38. Nd6 Kc7 39. Qe7+ Kb8 40. Nxc8
Qe1+ 41. Kh2 Bxc8 42. Qd6+ 1-0

[Event "Torneo de las Estrellas Gran Hotel Bali"]
[Site "Benidorm ESP"]
[Date "2007.12.08"]
[Round "5.3"]
[White "Fedorchuk, Sergey A"]
[Black "Nebolsina, Vera"]
[Result "1-0"]
[WhiteElo "2645"]
[BlackElo "2349"]
[PlyCount "45"]
[EventDate "2007.12.07"]
[EventType "tourn (rapid)"]
[EventRounds "10"]
[EventCountry "ESP"]
[SourceDate "2007.12.07"]

1. e4 e5 2. Nf3 Nc6 3. Bb5 a6 4. Ba4 d6 5. O-O Bd7 6. c3 g6 7. d4 Bg7 8. Re1 b5
9. Bb3 Nf6 10. Nbd2 O-O 11. h3 Nh5 12. Nf1 h6 13. Ne3 exd4 14. cxd4 Re8 15. Ng4
g5 16. e5 Na5 17. Nxh6+ Bxh6 18. Nxg5 Bxg5 19. Qxh5 Bxc1 20. Bxf7+ Kf8 21.
Raxc1 Be6 22. Bxe8 Qxe8 23. Qh8+ 1-0

[Event "Torneo de las Estrellas Gran Hotel Bali"]
[Site "Benidorm ESP"]
[Date "2007.12.08"]
[Round "6.1"]
[White "Recuero Guerra, David"]
[Black "Nebolsina, Vera"]
[Result "0-1"]
[WhiteElo "2407"]
[BlackElo "2349"]
[PlyCount "116"]
[EventDate "2007.12.07"]
[EventType "tourn (rapid)"]
[EventRounds "10"]
[EventCountry "ESP"]
[SourceDate "2007.12.07"]

1. e4 e5 2. Nf3 Nc6 3. Bb5 a6 4. Ba4 d6 5. O-O Bd7 6. c3 g6 7. d4 Bg7 8. h3 b5
9. Bb3 Nf6 10. Re1 O-O 11. Nbd2 Re8 12. d5 Na5 13. Bc2 c6 14. dxc6 Bxc6 15. Nf1
Qc7 16. Bg5 Nh5 17. Bb3 h6 18. Bc1 Nxb3 19. Qxb3 Qb7 20. N3d2 d5 21. f3 Qa7+
22. Ne3 Nf4 23. exd5 Bxd5 24. Qc2 Rad8 25. Kh1 Bc6 26. Ndf1 Nd3 27. Rd1 e4 28.
f4 Qe7 29. g3 Qe6 30. Kh2 h5 31. Qe2 Bd7 32. Qg2 h4 33. Ng4 hxg3+ 34. Qxg3 Bc6
35. Nfe3 f5 36. Nf2 Bh6 37. Nxd3 exd3 38. Bd2 Kf7 39. Rg1 Qf6 40. Raf1 Re4 41.
Rf2 Rde8 42. Re1 Qd6 43. Ref1 Qe6 44. Rg1 Qf6 45. h4 Rh8 46. Kh3 Qd6 47. Rgf1
Bf8 48. Ng2 Be7 49. Be3 Re6 50. Bd4 Bxg2+ 51. Kxg2 Bxh4 52. Qh3 Bf6 53. Qxd3
Re4 54. Qf3 Bxd4 55. cxd4 Rh4 56. Qb3+ Kg7 57. Qc3 Qd5 58. Qc7+ Re7+ 0-1

[Event "Torneo de las Estrellas Gran Hotel Bali"]
[Site "Benidorm ESP"]
[Date "2007.12.08"]
[Round "7.2"]
[White "Jobava, Baadur"]
[Black "Fedorchuk, Sergey A"]
[Result "1-0"]
[WhiteElo "2644"]
[BlackElo "2645"]
[PlyCount "107"]
[EventDate "2007.12.07"]
[EventType "tourn (rapid)"]
[EventRounds "10"]
[EventCountry "ESP"]
[SourceDate "2007.12.07"]

1. c4 e5 2. Nc3 Nf6 3. Nf3 Nc6 4. g3 Bc5 5. Bg2 d6 6. O-O O-O 7. d3 h6 8. Rb1
a6 9. a3 Ne7 10. b4 Ba7 11. a4 Ng6 12. b5 c6 13. bxa6 bxa6 14. Ba3 Re8 15. Nd2
d5 16. cxd5 cxd5 17. Nc4 Re6 18. Ne3 Bxe3 19. fxe3 Ra7 20. Rb8 Rb6 21. Rxb6
Qxb6 22. d4 Qe6 23. dxe5 Nxe5 24. Nxd5 Rd7 25. Nxf6+ gxf6 26. Qc2 Nc4 27. Bc5
Bb7 28. Bxb7 Rxb7 29. Qc3 Ne5 30. Bd4 Rb3 31. Qc7 Ng4 32. Rc1 Nxe3 33. Qc8+ Kg7
34. Qxe6 fxe6 35. Rc6 Rb1+ 36. Kf2 Ng4+ 37. Kf3 Rb4 38. e3 Rxa4 39. Kxg4 e5 40.
Kf5 exd4 41. Rc7+ Kf8 42. Kxf6 Ke8 43. Re7+ Kd8 44. Re4 a5 45. g4 Kc7 46. exd4
Kd6 47. h4 Kd5 48. Rf4 Rb4 49. Rf5+ Ke4 50. Rxa5 Rxd4 51. g5 Rd6+ 52. Kg7 Kf4
53. g6 Kg4 54. h5 1-0

[Event "Torneo de las Estrellas Gran Hotel Bali"]
[Site "Benidorm ESP"]
[Date "2007.12.09"]
[Round "8.1"]
[White "Recuero Guerra, David"]
[Black "Tkachiev, Vladislav"]
[Result "0-1"]
[WhiteElo "2407"]
[BlackElo "2661"]
[PlyCount "72"]
[EventDate "2007.12.07"]
[EventType "tourn (rapid)"]
[EventRounds "10"]
[EventCountry "ESP"]
[SourceDate "2007.12.07"]

1. e4 d6 2. d4 g6 3. Nf3 Nf6 4. Nc3 Bg7 5. Be2 O-O 6. O-O c6 7. Bg5 h6 8. Bf4
Nbd7 9. Re1 Qc7 10. Qd2 g5 11. Be3 Ng4 12. h4 Nxe3 13. Qxe3 g4 14. Nh2 e5 15.
d5 Nf6 16. Rad1 h5 17. f3 gxf3 18. Bxf3 Ng4 19. Bxg4 hxg4 20. Kh1 f5 21. Qg5
Qd8 22. Qxd8 Rxd8 23. exf5 Bxf5 24. Ne4 Rac8 25. c3 cxd5 26. Rxd5 Rc6 27. Nf1
Be6 28. Ra5 a6 29. Ne3 d5 30. Ng5 d4 31. Nxe6 Rxe6 32. Nxg4 d3 33. Kg1 b5 34.
a4 e4 35. Ne3 Bh6 36. Nf5 e3 0-1

[Event "Torneo de las Estrellas Gran Hotel Bali"]
[Site "Benidorm ESP"]
[Date "2007.12.09"]
[Round "8.2"]
[White "Nebolsina, Vera"]
[Black "Jobava, Baadur"]
[Result "0-1"]
[WhiteElo "2349"]
[BlackElo "2644"]
[PlyCount "98"]
[EventDate "2007.12.07"]
[EventType "tourn (rapid)"]
[EventRounds "10"]
[EventCountry "ESP"]
[SourceDate "2007.12.07"]

1. d4 d6 2. c4 e5 3. dxe5 dxe5 4. Qxd8+ Kxd8 5. Nc3 c6 6. f4 Nd7 7. Nf3 Kc7 8.
fxe5 Nc5 9. Ng5 Be6 10. b4 Nd7 11. Nxe6+ fxe6 12. Rb1 a5 13. a3 axb4 14. axb4
Ne7 15. g3 Nxe5 16. Bh3 Re8 17. O-O N7g6 18. c5 Be7 19. Ne4 Rd8 20. Bg5 Rhe8
21. Bxe7 Rxe7 22. Nd6 Nd7 23. Ra1 Nge5 24. Ra7 Rb8 25. Rfa1 Nf6 26. e4 Nf7 27.
Rd1 Ng5 28. Bg2 e5 29. h4 Ne6 30. Bf1 Nd4 31. Ba6 Kd8 32. Rxb7 Rexb7 33. Bxb7
Kc7 34. b5 Rxb7 35. Nxb7 Kxb7 36. b6 Nb3 37. g4 Nxc5 38. g5 Nfxe4 39. Rf1 Kxb6
40. Rf7 Ne6 41. Rf5 Nd2 42. Kf2 Nc4 43. Rf7 e4 44. Re7 e3+ 45. Ke1 Nf4 46. Rxg7
Ne5 47. Re7 Nf3+ 48. Kf1 e2+ 49. Kf2 e1=Q+ 0-1

[Event "Torneo de las Estrellas Gran Hotel Bali"]
[Site "Benidorm ESP"]
[Date "2007.12.09"]
[Round "9.1"]
[White "Fedorchuk, Sergey A"]
[Black "Recuero Guerra, David"]
[Result "0-1"]
[WhiteElo "2645"]
[BlackElo "2407"]
[PlyCount "112"]
[EventDate "2007.12.07"]
[EventType "tourn (rapid)"]
[EventRounds "10"]
[EventCountry "ESP"]
[SourceDate "2007.12.07"]

1. e4 c5 2. Nf3 Nc6 3. Bb5 a6 4. Bxc6 dxc6 5. d3 Qc7 6. a4 a5 7. Nbd2 e5 8. Nc4
f6 9. Nh4 Be6 10. O-O O-O-O 11. b3 g5 12. Nf5 Ne7 13. Nfe3 Ng6 14. Bd2 b6 15.
g3 h5 16. Qe2 Be7 17. Nf5 Rdg8 18. Qf3 Kb7 19. Nce3 Bf8 20. Rab1 g4 21. Qe2 Rh7
22. Ng2 Ne7 23. Nxe7 Qxe7 24. Nh4 Bh6 25. Bxh6 Rxh6 26. c3 Rhh8 27. Qd2 Rd8 28.
Ng6 Qd7 29. Nxh8 Rxh8 30. f4 Rd8 31. fxe5 fxe5 32. Qh6 Bg8 33. Rfd1 Qf7 34. Rd2
Rf8 35. Qe3 Qd7 36. b4 Rf3 37. Qg5 cxb4 38. Qxg8 bxc3 39. Re2 Qxd3 40. Qb3 Qd4+
41. Kg2 Rd3 42. Qf7+ Ka6 43. Qg8 Kb7 44. Qh7+ Ka6 45. Qg8 Kb7 46. Qf7+ Ka6 47.
Qf1 Kb7 48. Qf2 Rf3 49. Qg1 c5 50. Qd1 Rd3 51. Qc2 c4 52. Rb5 Rd2 53. Rxd2
Qxd2+ 54. Qxd2 cxd2 55. Rd5 c3 56. Kf2 c2 0-1

[Event "Torneo de las Estrellas Gran Hotel Bali"]
[Site "Benidorm ESP"]
[Date "2007.12.09"]
[Round "10.1"]
[White "Recuero Guerra, David"]
[Black "Jobava, Baadur"]
[Result "0-1"]
[WhiteElo "2407"]
[BlackElo "2644"]
[PlyCount "158"]
[EventDate "2007.12.07"]
[EventType "tourn (rapid)"]
[EventRounds "10"]
[EventCountry "ESP"]
[SourceDate "2007.12.07"]

1. e4 c6 2. d4 d5 3. Nd2 dxe4 4. Nxe4 Bf5 5. Ng3 Bg6 6. Bc4 e6 7. N1e2 Nf6 8.
h4 h6 9. Nf4 Bh7 10. c3 Nbd7 11. Bd3 Bxd3 12. Qxd3 Bd6 13. Bd2 O-O 14. O-O-O c5
15. Ngh5 Bxf4 16. Nxf4 cxd4 17. cxd4 Nb6 18. Kb1 Rc8 19. g4 Nfd5 20. g5 Nxf4
21. Bxf4 h5 22. Rhg1 g6 23. Be5 Nc4 24. Bf6 Qd5 25. Rc1 Qb5 26. d5 exd5 27. Ka1
Rc6 28. Bc3 Qc5 29. f4 Ne3 30. Kb1 Rfc8 31. Rce1 Nf5 32. Bf6 Nxh4 33. a3 Nf5
34. Rg2 Qc4 35. Qd2 Nd6 36. f5 Ne4 37. Qd1 Nxf6 38. gxf6 Rxf6 39. fxg6 Rxg6 40.
Rxg6+ fxg6 41. Re6 Qg4 42. Qxg4 hxg4 43. Rxg6+ Kf7 44. Rxg4 Kf6 45. Rh4 Rc7 46.
b3 Ke5 47. Rh5+ Ke4 48. Rh4+ Ke3 49. Rh3+ Kd4 50. Rh4+ Kc5 51. Kc2 Rf7 52. Rg4
a6 53. Rh4 Kd6 54. Rh5 Ke6 55. Rg5 b6 56. Rh5 a5 57. Rh6+ Rf6 58. Rh5 b5 59.
Rg5 Kd6 60. Rh5 Kc5 61. Rh8 Rf2+ 62. Kd3 Rf3+ 63. Kc2 Kd4 64. Rh4+ Ke3 65. Kc3
Rg3 66. Rd4 Rg5 67. Rd3+ Ke4 68. Rd4+ Ke5 69. Rh4 Rg3+ 70. Kc2 Rf3 71. Rh5+ Ke4
72. Rh4+ Rf4 73. Rh2 Ke3 74. Rh3+ Rf3 75. Rxf3+ Kxf3 76. Kd3 b4 77. axb4 axb4
78. Kd4 Ke2 79. Kc5 Ke3 0-1

[Event "Torneo de las Estrellas Gran Hotel Bali"]
[Site "Benidorm ESP"]
[Date "2007.12.09"]
[Round "10.3"]
[White "Nebolsina, Vera"]
[Black "Fedorchuk, Sergey A"]
[Result "0-1"]
[WhiteElo "2349"]
[BlackElo "2645"]
[PlyCount "68"]
[EventDate "2007.12.07"]
[EventType "tourn (rapid)"]
[EventRounds "10"]
[EventCountry "ESP"]
[SourceDate "2007.12.07"]

1. d4 Nf6 2. c4 e6 3. Nc3 Bb4 4. e3 b6 5. Nge2 c5 6. a3 Ba5 7. Rb1 Na6 8. Qa4
Bb7 9. Nf4 Ne4 10. Qc2 Qf6 11. b4 cxb4 12. Nxe4 Qxf4 13. exf4 b3+ 14. Qc3 Bxe4
15. Qxa5 bxa5 16. Rxb3 Ke7 17. f3 Bc6 18. Bd3 Rab8 19. Rxb8 Rxb8 20. Kd2 Ba4
21. Re1 Nc7 22. Bc2 Bxc2 23. Kxc2 d5 24. Bd2 dxc4 25. Bxa5 Nd5 26. f5 Rb3 27.
fxe6 Rxa3 28. Bd8+ Ke8 29. exf7+ Kxf7 30. Re5 Nb4+ 31. Kb1 Rb3+ 32. Ka1 c3 33.
Re7+ Kf8 34. Re2 c2 0-1